00791cam a2200217 a 450000100100000000500170001000800410002702000150006804000250008308200200010810000430012824500530017126000530022430000210027758600280029865000300032665000420035691000370039895201230043599900150055800000938020200929161555.0771222s1998 sp 000 f spa d a8440719914 aDO-SdBNPbspacBNPHU aPa863.44bR628t1 aRoa Bastos, Augusto,d1917-200591504713aEl trueno entre las hojas /cAugusto Roa Bastos. aMadrid :bClub Internacional del Libro,c[1998]. a286 p. ;c22 cm. aPremio Cervantes, 1989. 4aCuentos paraguayos924160 4aLiteratura paraguayaySIGLO XX924161 aValidado. Control de calidad MFF 001054708MOaGRbGRcHDd2009-09-29iLF1l0oPa863.44 R628tp9380-10r2020-06-25w2020-06-25y4ZPréstamo en sala c9140d9140